Catálogo
 En Linea

Joaquín Balaguer: (Registro nro. 53058)

Detalles MARC
000 -CABECERA
campo de control de longitud fija 02095nam a2200229 a 4500
003 - IDENTIFICADOR DEL NÚMERO DE CONTROL
campo de control DO-SdBNP
005 - FECHA Y HORA DE LA ÚLTIMA TRANSACCIÓN
campo de control 20260305074000.0
007 - CAMPO FIJO DE DESCRIPCIÓN FÍSICA--INFORMACIÓN GENERAL
campo de control de longitud fija ta
008 - DATOS DE LONGITUD FIJA--INFORMACIÓN GENERAL
campo de control de longitud fija 221205e2020 dr ao||gr|||| 001 edspa d
020 ## - NÚMERO INTERNACIONAL ESTÁNDAR DEL LIBRO
Número Internacional Estándar del Libro 9789945090604
040 ## - FUENTE DE LA CATALOGACIÓN
Centro catalogador/agencia de origen DO-SdBNP
Lengua de catalogación spa
Centro/agencia transcriptor BNPHU
082 #4 - NÚMERO DE LA CLASIFICACIÓN DECIMAL DEWEY
Número de edición 22
Número de documento/Ítem J62B
245 00 - MENCIÓN DE TÍTULO
Título Joaquín Balaguer:
Resto del título conferencia universidad de Santo Domingo (1958) y otros textos. /
Mención de responsabilidad, etc. Compilación, prólogo y notas de Cándido Gerón.
260 ## - PUBLICACIÓN, DISTRIBUCIÓN, ETC.
Lugar de publicación, distribución, etc. Santo Domingo :
Nombre del editor, distribuidor, etc. Corripio,
Fecha de publicación, distribución, etc. 2020
300 ## - DESCRIPCIÓN FÍSICA
Extensión 350 p. :
Otras características físicas il., fots.,
Dimensiones 23 cm.
500 ## - NOTA GENERAL
Nota general Incluye índice onomástico, p. 345 - 350
505 ## - NOTA DE CONTENIDO CON FORMATO
Nota de contenido con formato Prólogo.
Información miscelánea CONFERENCIAS.
Título Dios y Trujillo. Una interpretación realista de la Historia Dominicana.--
-- Discurso de contestación.--
-- Conferencia dictada en la Universidad de Santo Domingo (1958).--
-- Conferencia del Secretario Balaguer en al Ateneo Dominicano.--
-- Vida, muerte y resurrección de los libros.--
-- Atacar a Trujillo es atacar a su pueblo, Secretario Balaguer.--
Información miscelánea DISCURSOS.
Título Discurso pronunciado por el Secretario de Educación Dr. Balaguer en S. P. Macorís
-- Balaguer fija posición de Secretaría frente a problemas de Alfabetización.--
-- Método muéstrase hostil al método Global- Balaguer.--
Información miscelánea OTROS TEXTOS.
Título Balaguer califica el Triunvirato abanderado de la subversión.--
-- Discurso doctor Balaguer en Barahona.--
-- Discurso doctor Balague, 1966.--
-- Alocución del doctor Balaguer a la nación I.--
-- Alocución del doctor Balaguer a la nación II.--
-- Carta de Fabio Mella y Federico Tejada a Balaguer.--
-- Alocución del doctor Balaguer a la nación III.--
-- Alocución del doctor Balaguer a la nación IV.--
-- Alocución del doctor Balaguer a la nación V.--
-- Balaguer reitera decisión.--
-- Balaguer pronuncia discurso en Moca, 1966.--
-- Discurso del doctor Balaguer, mayo de 1966
-- Discurso de toma de posesión de Balaguer, 1966
-- Decreto núm. 15 de 4 de julio de 1966, que rebaja los sueldos a los funcionarios públicos.--
-- Índice onomástico.
590 ## - NOTA LOCAL (RLIN)
Nota local Inventariado 2022 / MF
700 1# - PUNTO DE ACCESO ADICIONAL--NOMBRE DE PERSONA
Nombre de persona Gerón, Candido,
Fechas asociadas al nombre 1948-
Término indicativo de función/relación comp.
9 (RLIN) 3577
910 ## - DATOS DE OPCIÓN DEL USUARIO (OCLC)
Datos de opción del usuario MFeliz
942 ## - ELEMENTOS DE PUNTO DE ACCESO ADICIONAL (KOHA)
Fuente del sistema de clasificación o colocación Dewey Decimal Classification
Tipo de ítem Koha Libro
Existencias
Estado de retiro Estado de pérdida Fuente del sistema de clasificación o colocación Restricciones de uso No para préstamo Código de colección Localización permanente Ubicación/localización actual Ubicación en estantería Fecha de adquisición Fuente de adquisición Total de préstamos Signatura topográfica completa Código de barras Fecha visto por última vez Precio válido a partir de Tipo de ítem Koha
    Dewey Decimal Classification Excluido de préstamo   Patrimonio Dominicano Biblioteca Nacional Pedro Henríquez Ureña Biblioteca Nacional Pedro Henríquez Ureña En catalogación 19.05.2022 Donado por Ubi Rivas   J62B 2022-5869 05.12.2022 05.12.2022 Libro

Con tecnología Koha